000 00294nam a22001337a 4500
008 170504b xxu||||| |||| 00| 0 eng d
020 _a9780314195654
041 _aeng
080 _a34
100 _a13
101 _aSHJ
245 _aCONTEMPORARY FAMILY LAW
_cABRAMS.D.E
942 _2udc
_cBK
999 _c12616
_d12616